[Event "IMSA Blitz Women 2019"]
[Site "Hengshui"]
[Date "2019.05.17"]
[Round "2.2"]
[White "Stefanova, Antoaneta"]
[Black "Khotenashvili, Bela"]
[Result "1-0"]
[WhiteElo "2470"]
[BlackElo "2476"]
[Annotator "TA"]
[PlyCount "81"]
[EventDate "2019.05.17"]
[EventType "blitz"]
[EventCountry "CHN"]
[SourceTitle "playchess.com"]
[Source "ChessBase"]
[SourceQuality "1"]

{[%evp 9,81,1,4,0,6,3,12,5,5,10,15,0,6,0,3,-18,19,0,104,104,72,93,108,87,157,148,246,154,145,-141,-127,-200,-93,-372,-373,-361,-352,-640,-41,-44,-43,-21,0,0,9,19,15,16,17,23,16,19,24,27,89,8,8,8,11,1,8,8,8,8,248,239,29971,29971,29972,29973,29978,29979,29976,29977]} 1. d4 Nf6 2. Nc3 d5 3. Bf4 Bf5 4. e3 e6 5. Nf3 a6 6. Ne5 {D02: 1 d4 d5 2 Nf3 sidelines, including 2...Nf6 3 g3 and 2...Nf6 3 Bf4} (6. a3 c5 7. Ne5 cxd4 8. exd4 Bd6 9. Bd3 Bxd3 10. Qxd3 O-O 11. O-O Nh5 {0-1 (52) Bortnyk,O (2610)-Svidler,P (2765) Riadh 2017}) 6... Nbd7 7. g4 Nxe5 8. gxf5 {The position is equal.} Nc6 9. fxe6 fxe6 10. Bh3 $146 ({Predecessor:} 10. Bg2 Bd6 11. Ne2 O-O 12. O-O Ne7 13. Bg3 {1-0 (33) Chigaev,M (2531)-Iskandarov,M (2405) Khanty-Mansiysk 2015}) 10... Qd7 11. a3 Bd6 12. Bxd6 cxd6 13. Qf3 O-O {[#]} (13... O-O-O $11) 14. Nxd5 $1 $16 {[%mdl 512]} Nxd5 {[#]} ({Avoid the trap} 14... Nxd4 $2 15. exd4 Nxd5 16. Qxd5 $1 $18 {[%mdl 512]}) (14... exd5 15. Bxd7) 15. Qxd5 $1 {[%mdl 576] Pin} Rf6 (15... exd5 16. Bxd7) 16. Qb3 Kh8 (16... d5 $142) 17. d5 $1 {[%cal Rd5c6]} Na5 (17... Nd8 $16 {keeps fighting.} 18. O-O-O Qe7) 18. Qb4 Qc7 19. Bxe6 $2 {[%mdl 8192]} (19. dxe6 $16 {stays on course. Hoping for Qe4.} Qxc2 20. O-O) 19... Qxc2 $17 20. O-O ({Don't go for} 20. Qxa5 $2 Qxf2+ 21. Kd1 Qxb2 $19) (20. f4 $17 {was called for.} Nb3 21. Rd1) 20... Nb3 (20... Raf8 $19 {has better winning chances.} 21. Rac1 (21. Qxa5 {leads to mate.} Rg6+ 22. Bg4 Rxg4+ 23. Kh1 Qe2 24. h3 Qf3+ {[%mdl 64] Double Attack} 25. Kh2 Qg2#) 21... Rg6+ 22. Bg4 Qf5) 21. Rae1 $2 {[%mdl 8192]} (21. Rad1 $17 {is the only way for White.}) 21... Nd2 $19 22. Rc1 Qg6+ 23. Qg4 $2 (23. Kh1 Nxf1 24. Rxf1) 23... Nxf1 $2 (23... Rxe6 $19 24. Qg3 Nxf1 25. Qxg6 Rxg6+ 26. Kxf1 Rg5) 24. Qxg6 $15 Rxg6+ 25. Kxf1 $19 {[%mdl 4096] Endgame KRR-KRB} Rf8 26. Rc7 Rgf6 27. f4 g5 28. f5 Rxf5+ 29. Bxf5 Rxf5+ $11 {KR-KR} 30. Ke2 Rxd5 31. Rxb7 a5 {[#]} (31... Rc5 $11) 32. b4 ({Better is} 32. a4 $1 $16) 32... axb4 33. axb4 h5 34. b5 g4 35. e4 Rc5 36. Ke3 Rc2 $2 {[#]} (36... h4 $11 {and Black has nothing to worry.}) 37. b6 $1 $18 Rxh2 $2 (37... Rb2 $18 38. Kf4 Rb5) 38. Rc7 {White mates.} Rb2 39. b7 g3 40. Rc8+ Kh7 41. b8=Q {Accuracy: White = 38%, Black = 37%.} 1-0

[Event "IMSA Blitz Women 2019"]
[Site "Hengshui"]
[Date "2019.05.17"]
[Round "2.2"]
[White "Bodnaruk, Anastasia"]
[Black "Lei, Tingjie"]
[Result "0-1"]
[WhiteElo "2431"]
[BlackElo "2507"]
[Annotator "RC"]
[PlyCount "146"]
[EventDate "2019.05.17"]
[EventType "blitz"]
[EventCountry "CHN"]
[SourceTitle "playchess.com"]
[Source "ChessBase"]
[SourceQuality "1"]
[TimeControl "180+2"]

1. e4 {[%emt 0:00:00]} e5 {[%emt 0:00:00]} 2. Nf3 {[%emt 0:00:00]} Nc6 {[%emt 0:00:00]} 3. Bc4 {[%emt 0:00:01]} Bc5 {[%emt 0:00:03]} 4. d3 {[%emt 0:00:03]} Nf6 {[%emt 0:00:02]} 5. Bg5 {[%emt 0:00:01]} h6 {[%emt 0:00:04]} 6. Bh4 {[%emt 0:00:01]} Be7 {[%emt 0:00:03]} 7. O-O {[%emt 0:00:20]} d6 {[%emt 0:00:01]} 8. c3 {[%emt 0:00:02]} O-O {[%emt 0:00:03]} 9. Bb3 {[%emt 0:00:07]} a6 {[%emt 0:00:06]} 10. Re1 {[%emt 0:00:02]} Nh5 {[%emt 0:00:30]} 11. Bg3 {[%emt 0:00:23]} Nxg3 {[%emt 0:00:03]} 12. hxg3 {[%emt 0:00:06]} g6 {[%emt 0:00:05]} 13. Nbd2 {[%emt 0:00:04]} Bf6 {[%emt 0:00:01]} 14. Nf1 {[%emt 0:00:02]} Bg7 {[%emt 0:00:08]} 15. d4 {[%emt 0:00:09]} Kh8 {[%emt 0:00:04]} 16. Ne3 {[%emt 0:00:13]} Bd7 {[%emt 0:00:07]} 17. Qd2 {[%emt 0:00:05]} Kh7 {[%emt 0:00:16]} 18. Rad1 {[%emt 0:00:07]} exd4 {[%emt 0:00:04]} 19. Nxd4 {[%emt 0:00:19]} Nxd4 {[%emt 0:00:13]} 20. cxd4 {[%emt 0:00:00]} Rc8 {[%emt 0:00:01]} 21. f4 {[%emt 0:00:04]} Qe8 {[%emt 0:00:11]} 22. e5 {[%emt 0:00:03]} dxe5 {[%emt 0:00:13]} 23. dxe5 {[%emt 0:00:07]} Ba4 {[%emt 0:00:08]} 24. Qc2 {[%emt 0:00:10]} Bxb3 {[%emt 0:00:07]} 25. Qxb3 {[%emt 0:00:01]} b6 {[%emt 0:00:15]} 26. Nd5 {[%emt 0:00:04]} Kh8 {[%emt 0:00:09]} 27. Rc1 {[%emt 0:00:43]} Qd7 {[%emt 0:00:14]} 28. Red1 {[%emt 0:00:12]} Qg4 {[%emt 0:00:03]} 29. Nxc7 {[%emt 0:00:19]} Rcd8 {[%emt 0:00:10]} 30. Qf3 {[%emt 0:00:01]} Qc8 {[%emt 0:00:03]} 31. Nd5 {[%emt 0:00:03]} Qe6 {[%emt 0:00:02]} 32. Rd3 {[%emt 0:00:06]} Rc8 {[%emt 0:00:07]} 33. Rcd1 {[%emt 0:00:01]} h5 {[%emt 0:00:04]} 34. Nc3 {[%emt 0:00:01]} Qc4 {[%emt 0:00:03]} 35. Rd7 {[%emt 0:00:03]} b5 {[%emt 0:00:01]} 36. Ne2 {[%emt 0:00:05]} Qxa2 {[%emt 0:00:02]} 37. f5 {[%emt 0:00:02]} Qxb2 {[%emt 0:00:07]} 38. f6 {[%emt 0:00:02]} Bh6 {[%emt 0:00:01]} 39. Nf4 {[%emt 0:00:01]} Qxe5 {[%emt 0:00:02]} 40. Rxf7 {[%emt 0:00:02]} Bxf4 {[%emt 0:00:03]} 41. Rxf8+ {[%emt 0:00:01]} Rxf8 {[%emt 0:00:01]} 42. gxf4 {[%emt 0:00:01]} Qxf6 {[%emt 0:00:01]} 43. Rd7 {[%emt 0:00:03]} Qxf4 {[%emt 0:00:04]} 44. Qc3+ {[%emt 0:00:03]} Qf6 {[%emt 0:00:01]} 45. Qc1 {[%emt 0:00:03]} Qb6+ {[%emt 0:00:03]} 46. Kh1 {[%emt 0:00:01]} g5 {[%emt 0:00:18]} 47. Qc3+ {[%emt 0:00:03]} Qf6 {[%emt 0:00:01]} 48. Qc2 {[%emt 0:00:02]} Rf7 {[%emt 0:00:01]} 49. Rd1 {[%emt 0:00:02]} Kg7 {[%emt 0:00:02]} 50. Rc1 {[%emt 0:00:01]} h4 {[%emt 0:00:01]} 51. Qd3 {[%emt 0:00:01]} Qg6 {[%emt 0:00:03]} 52. Qd4+ {[%emt 0:00:01]} Qf6 {[%emt 0:00:01]} 53. Qd5 {[%emt 0:00:01]} Re7 {[%emt 0:00:02]} 54. Rd1 {[%emt 0:00:01]} Qe5 {[%emt 0:00:02]} 55. Qd3 {[%emt 0:00:02]} Qf6 {[%emt 0:00:01]} 56. Qd5 {[%emt 0:00:01]} b4 {[%emt 0:00:03]} 57. Qd3 {[%emt 0:00:01]} a5 {[%emt 0:00:01]} 58. Rf1 {[%emt 0:00:01]} Qe5 {[%emt 0:00:04]} 59. Qc4 {[%emt 0:00:08]} h3 {[%emt 0:00:05]} 60. gxh3 {[%emt 0:00:05]} Qe4+ {[%emt 0:00:00]} 61. Qxe4 {[%emt 0:00:01]} Rxe4 {[%emt 0:00:01]} 62. Rf5 {[%emt 0:00:00]} a4 63. Rxg5+ Kf6 {[%emt 0:00:01]} 64. Ra5 {[%emt 0:00:02]} a3 {[%emt 0:00:01]} 65. Kg2 {[%emt 0:00:02]} Re2+ {[%emt 0:00:01]} 66. Kg3 {[%emt 0:00:00]} a2 {[%emt 0:00:03]} 67. h4 {[%emt 0:00:03]} b3 {[%emt 0:00:00]} 68. h5 {[%emt 0:00:01]} Re5 {[%emt 0:00:02]} 69. Ra6+ {[%emt 0:00:01]} Kg5 {[%emt 0:00:01]} 70. h6 {[%emt 0:00:01]} b2 {[%emt 0:00:01]} 71. h7 {[%emt 0:00:03]} b1=Q {[%emt 0:00:07]} 72. h8=Q {[%emt 0:00:04]} Qg1+ {[%emt 0:00:02]} 73. Kh3 {[%emt 0:00:01]} Re3# {[%emt 0:00:02]} 0-1

[Event "IMSA Blitz Women 2019"]
[Site "Hengshui"]
[Date "2019.05.17"]
[Round "2.2"]
[White "Krush, Irina"]
[Black "Harika, Dronavalli"]
[Result "1-0"]
[WhiteElo "2422"]
[BlackElo "2492"]
[Annotator "RC"]
[PlyCount "83"]
[EventDate "2019.05.17"]
[EventType "blitz"]
[EventCountry "CHN"]
[SourceTitle "playchess.com"]
[Source "ChessBase"]
[SourceQuality "1"]
[TimeControl "180+2"]

1. d4 {[%emt 0:00:00]} f5 {[%emt 0:00:00]} 2. g3 {[%emt 0:00:01]} Nf6 {[%emt 0:00:01]} 3. Bg2 {[%emt 0:00:01]} g6 {[%emt 0:00:00]} 4. c4 {[%emt 0:00:04]} Bg7 {[%emt 0:00:02]} 5. Nc3 {[%emt 0:00:01]} O-O {[%emt 0:00:04]} 6. Nh3 {[%emt 0:00:03]} d6 {[%emt 0:00:03]} 7. d5 {[%emt 0:00:02]} Na6 {[%emt 0:00:13]} 8. O-O {[%emt 0:00:03]} Nc5 {[%emt 0:00:27]} 9. Nf4 {[%emt 0:00:02]} e5 {[%emt 0:00:00]} 10. dxe6 {[%emt 0:00:01]} c6 {[%emt 0:00:01]} 11. Qc2 {[%emt 0:00:14]} Nxe6 {[%emt 0:00:10]} 12. Nxe6 {[%emt 0:00:01]} Bxe6 {[%emt 0:00:00]} 13. b3 {[%emt 0:00:02]} d5 {[%emt 0:00:09]} 14. cxd5 {[%emt 0:00:35]} Nxd5 {[%emt 0:00:03]} 15. Bb2 {[%emt 0:00:00]} Nxc3 {[%emt 0:00:34]} 16. Bxc3 {[%emt 0:00:03]} Qe7 {[%emt 0:00:10]} 17. Bxg7 {[%emt 0:00:09]} Qxg7 {[%emt 0:00:01]} 18. e3 {[%emt 0:00:01]} Rfd8 {[%emt 0:00:10]} 19. Rfd1 {[%emt 0:00:16]} Qe7 {[%emt 0:00:01]} 20. Qc3 {[%emt 0:00:05]} Rxd1+ {[%emt 0:00:06]} 21. Rxd1 {[%emt 0:00:02]} Rd8 {[%emt 0:00:01]} 22. Rxd8+ {[%emt 0:00:15]} Qxd8 {[%emt 0:00:01]} 23. Bf3 {[%emt 0:00:01]} Qd7 {[%emt 0:00:22]} 24. h4 {[%emt 0:00:03]} Bd5 {[%emt 0:00:05]} 25. Qd4 {[%emt 0:00:02]} a6 {[%emt 0:00:08]} 26. Bxd5+ {[%emt 0:00:06]} cxd5 {[%emt 0:00:02]} 27. Qf6 {[%emt 0:00:12]} Qb5 {[%emt 0:00:09]} 28. h5 {[%emt 0:00:07]} gxh5 {[%emt 0:00:11]} 29. Qg5+ {[%emt 0:00:04]} Kh8 {[%emt 0:00:09]} 30. Qxf5 {[%emt 0:00:02]} Kg7 {[%emt 0:00:02]} 31. Qxh5 {[%emt 0:00:06]} Qd3 {[%emt 0:00:02]} 32. Qe5+ {[%emt 0:00:05]} Kg8 {[%emt 0:00:03]} 33. Qb8+ {[%emt 0:00:02]} Kg7 {[%emt 0:00:02]} 34. Qxb7+ {[%emt 0:00:02]} Kg6 {[%emt 0:00:00]} 35. Qb6+ {[%emt 0:00:05]} Kf5 {[%emt 0:00:08]} 36. Qd4 {[%emt 0:00:11]} Qb1+ {[%emt 0:00:18]} 37. Kg2 {[%emt 0:00:03]} Qxa2 {[%emt 0:00:01]} 38. Qxd5+ {[%emt 0:00:03]} Kg6 {[%emt 0:00:00]} 39. e4 {[%emt 0:00:08]} a5 {[%emt 0:00:09]} 40. e5 {[%emt 0:00:06]} Qe2 {[%emt 0:00:03]} 41. e6 {[%emt 0:00:06]} Kf6 {[%emt 0:00:02]} 42. Qf3+ {[%emt 0:00:07]} 1-0

[Event "IMSA Blitz Women 2019"]
[Site "Hengshui"]
[Date "2019.05.17"]
[Round "3.1"]
[White "Muzychuk, Mariya"]
[Black "Paehtz, Elisabeth"]
[Result "1-0"]
[WhiteElo "2563"]
[BlackElo "2470"]
[Annotator "ChessBase"]
[PlyCount "57"]
[EventDate "2019.05.17"]
[EventType "blitz"]
[EventCountry "CHN"]
[SourceTitle "playchess.com"]
[Source "ChessBase"]
[SourceQuality "1"]
[TimeControl "180+2"]

1. d4 {[%emt 0:00:00]} e6 {[%emt 0:00:00]} 2. c4 {[%emt 0:00:00]} b6 3. a3 Bb7 {[%emt 0:00:01]} 4. Nc3 {[%emt 0:00:00]} f5 {[%emt 0:00:01]} 5. Qc2 {[%emt 0:00:01]} Nf6 {[%emt 0:00:02]} 6. Nf3 {[%emt 0:00:02]} g6 {[%emt 0:00:02]} 7. g3 {[%emt 0:00:03]} Bg7 {[%emt 0:00:02]} 8. Bg2 {[%emt 0:00:01]} O-O {[%emt 0:00:02]} 9. O-O {[%emt 0:00:01]} Qe7 {[%emt 0:00:13]} 10. b3 {[%emt 0:00:12]} Ne4 {[%emt 0:00:07]} 11. Bb2 {[%emt 0:00:09]} Nxc3 {[%emt 0:00:02]} 12. Bxc3 {[%emt 0:00:03]} Be4 {[%emt 0:00:02]} 13. Qb2 {[%emt 0:00:05]} Nc6 {[%emt 0:00:07]} 14. Ne1 {[%emt 0:00:05]} Bxg2 {[%emt 0:00:05]} 15. Nxg2 {[%emt 0:00:01]} d5 {[%emt 0:00:01]} 16. cxd5 {[%emt 0:00:13]} exd5 {[%emt 0:00:02]} 17. Nf4 {[%emt 0:00:01]} Rad8 {[%emt 0:00:04]} 18. Rac1 {[%emt 0:00:05]} Qd6 {[%emt 0:00:09]} 19. Rc2 {[%emt 0:00:14]} a5 {[%emt 0:00:08]} 20. Rfc1 {[%emt 0:00:02]} Nb8 {[%emt 0:00:01]} 21. b4 {[%emt 0:00:13]} axb4 {[%emt 0:00:24]} 22. Bxb4 {[%emt 0:00:13]} c5 {[%emt 0:00:01]} 23. Bc3 {[%emt 0:00:13]} Rf7 {[%emt 0:00:09]} 24. dxc5 {[%emt 0:00:05]} bxc5 {[%emt 0:00:03]} 25. Bxg7 {[%emt 0:00:03]} Rxg7 {[%emt 0:00:01]} 26. Rxc5 {[%emt 0:00:02]} d4 {[%emt 0:00:09]} 27. Rd5 {[%emt 0:00:07]} Qe7 {[%emt 0:00:06]} 28. Rxd8+ {[%emt 0:00:01]} Qxd8 {[%emt 0:00:01]} 29. Ne6 {[%emt 0:00:02]} 1-0

[Event "IMSA Blitz Women 2019"]
[Site "Hengshui"]
[Date "2019.05.17"]
[Round "3.1"]
[White "Kosteniuk, Alexandra"]
[Black "Koneru, Humpy"]
[Result "1-0"]
[WhiteElo "2546"]
[BlackElo "2553"]
[Annotator "TA"]
[PlyCount "119"]
[EventDate "2019.05.17"]
[EventType "blitz"]
[EventCountry "CHN"]
[SourceTitle "playchess.com"]
[Source "ChessBase"]
[SourceQuality "1"]

{[%evp 18,119,26,31,28,26,56,12,16,20,30,40,50,15,56,59,69,39,58,57,94,95,93,97,93,94,108,100,118,116,133,129,129,129,130,116,120,124,125,108,115,105,108,96,127,113,117,122,147,139,154,136,158,158,154,160,160,160,274,274,270,270,390,388,378,373,658,662,633,395,611,581,581,450,437,427,623,631,841,814,1211,1122,1345,1309,1300,1233,1318,1270,1327,1214,1511,1411,1655,1238,2613,2396,5439,5133,29977,29978,29972,29973,29987,29988]} 1. c4 e6 2. Nc3 d5 3. d4 Bb4 4. cxd5 exd5 5. Bf4 Nf6 6. e3 O-O 7. Bd3 c5 8. Nge2 Nc6 9. O-O cxd4 10. Nxd4 Nxd4 {D32: Tarrasch Defence: Sidelines and lines without g3} 11. exd4 Bd6 $146 ({Predecessor:} 11... Bxc3 12. bxc3 Bg4 13. Qb3 Qd7 14. Rfe1 Rac8 15. Bb5 Qd8 16. Bf1 b6 17. f3 Be6 18. Ba6 {1-0 (82) Wang,Y (2706)-Hou,Y (2617) Xinghua 2013}) 12. Qf3 Bg4 {The position is equal.} 13. Qg3 Nh5 14. Qxg4 Nxf4 15. Rad1 h5 16. Qf3 Qg5 17. Bb1 Rad8 18. g3 $40 {[%mdl 128] [#] Threatens to win with h4. White attacks.} Ne6 19. h4 ({Don't play} 19. Nxd5 Bxg3 20. fxg3 Rxd5 $11) 19... Qg4 20. Qxg4 hxg4 21. Bf5 Bb4 22. Bxg4 Bxc3 23. bxc3 Nc7 24. Rb1 b6 25. Rfe1 Rfe8 26. Be2 Re6 27. Bd3 Rc6 28. Re3 Kf8 29. Be2 Re8 {With the idea ...Rxe3.} 30. Rxe8+ Kxe8 $16 {[%mdl 4096] Endgame KRB-KRN} 31. Rb3 Ke7 32. Kf1 Kd6 33. Ke1 Ne8 34. Kd2 Nf6 35. Bf3 Rc4 36. Rb4 Rc7 37. a4 Nd7 (37... Re7 $16 38. a5 bxa5) 38. Rb5 $18 Nf6 39. Kd3 Rc4 {[#]} (39... Ne4 $142) 40. Rxd5+ $1 {[%mdl 576] Remove Defender} Nxd5 41. Kxc4 {KB-KN} Ne7 $2 (41... Nc7 42. Be4 Ne6) 42. Kb5 Kc7 43. Be4 Nc8 (43... f5 $142) 44. Bd5 f6 45. c4 Nd6+ 46. Kb4 a5+ (46... Nf5 $142 47. Kc3 Kd7) 47. Kc3 Nf5 48. Kd3 Kd6 49. h5 Nh6 50. f3 Nf5 51. g4 Ne7 52. Be4 Ng8 53. f4 Nh6 54. Bf3 Nf7 55. Ke4 Ke6 56. c5 bxc5 57. dxc5 Nd8 58. Kd4 {White mates.} Kd7 59. Bd5 Kc7 60. g5 {Accuracy: White = 85%, Black = 31%.} 1-0

[Event "IMSA Blitz Women 2019"]
[Site "Hengshui"]
[Date "2019.05.17"]
[Round "3.1"]
[White "Dzagnidze, Nana"]
[Black "Ushenina, Anna"]
[Result "1-0"]
[WhiteElo "2510"]
[BlackElo "2442"]
[Annotator "RC"]
[PlyCount "139"]
[EventDate "2019.05.17"]
[EventType "blitz"]
[EventCountry "CHN"]
[SourceTitle "playchess.com"]
[Source "ChessBase"]
[SourceQuality "1"]
[TimeControl "180+2"]

1. Nf3 {[%emt 0:00:00]} d5 {[%emt 0:00:02]} 2. b3 {[%emt 0:00:01]} Bg4 {[%emt 0:00:05]} 3. Bb2 {[%emt 0:00:02]} c6 {[%emt 0:00:03]} 4. g3 {[%emt 0:00:14]} Bxf3 {[%emt 0:00:03]} 5. exf3 {[%emt 0:00:01]} Nd7 {[%emt 0:00:01]} 6. f4 {[%emt 0:00:03]} e6 {[%emt 0:00:02]} 7. Bg2 {[%emt 0:00:04]} Ngf6 {[%emt 0:00:01]} 8. d3 {[%emt 0:00:02]} Be7 {[%emt 0:00:04]} 9. Nd2 {[%emt 0:00:03]} a5 {[%emt 0:00:04]} 10. a3 {[%emt 0:00:06]} O-O {[%emt 0:00:03]} 11. O-O {[%emt 0:00:01]} Ne8 {[%emt 0:00:08]} 12. Nf3 {[%emt 0:00:11]} Nd6 {[%emt 0:00:05]} 13. Ne5 {[%emt 0:00:05]} a4 {[%emt 0:00:21]} 14. b4 {[%emt 0:00:03]} Qc7 {[%emt 0:00:07]} 15. Qe2 {[%emt 0:00:02]} Nf6 {[%emt 0:00:09]} 16. c4 {[%emt 0:00:02]} c5 {[%emt 0:00:24]} 17. cxd5 {[%emt 0:00:16]} exd5 {[%emt 0:00:02]} 18. Rac1 {[%emt 0:00:03]} b6 {[%emt 0:00:02]} 19. Ng4 {[%emt 0:00:08]} Nde8 {[%emt 0:00:13]} 20. Rfe1 {[%emt 0:00:20]} Ra7 {[%emt 0:00:18]} 21. bxc5 {[%emt 0:00:20]} bxc5 {[%emt 0:00:02]} 22. Nxf6+ {[%emt 0:00:25]} Nxf6 {[%emt 0:00:09]} 23. Bxf6 {[%emt 0:00:09]} Bxf6 {[%emt 0:00:02]} 24. Bxd5 {[%emt 0:00:01]} Qd6 {[%emt 0:00:15]} 25. Bc4 {[%emt 0:00:10]} Rb7 {[%emt 0:00:05]} 26. Rc2 {[%emt 0:00:13]} Bd4 {[%emt 0:00:04]} 27. Qf3 {[%emt 0:00:02]} Rb6 {[%emt 0:00:08]} 28. h4 {[%emt 0:00:05]} g6 {[%emt 0:00:06]} 29. h5 {[%emt 0:00:04]} Kg7 {[%emt 0:00:00]} 30. Rce2 {[%emt 0:00:11]} Rb2 {[%emt 0:00:05]} 31. Qg4 {[%emt 0:00:12]} Rxe2 {[%emt 0:00:04]} 32. Rxe2 {[%emt 0:00:01]} Qc6 {[%emt 0:00:12]} 33. f5 {[%emt 0:00:05]} Rb8 {[%emt 0:00:04]} 34. Re4 {[%emt 0:00:06]} Rb2 {[%emt 0:00:03]} 35. fxg6 {[%emt 0:00:04]} hxg6 {[%emt 0:00:18]} 36. hxg6 {[%emt 0:00:02]} Bxf2+ {[%emt 0:00:02]} 37. Kf1 {[%emt 0:00:02]} Qxg6 {[%emt 0:00:01]} 38. Qxg6+ {[%emt 0:00:08]} fxg6 {[%emt 0:00:04]} 39. Re7+ {[%emt 0:00:03]} Kh6 {[%emt 0:00:01]} 40. Ra7 {[%emt 0:00:04]} Bxg3 {[%emt 0:00:03]} 41. Rxa4 {[%emt 0:00:01]} Be5 {[%emt 0:00:05]} 42. Ra6 {[%emt 0:00:03]} Rb1+ {[%emt 0:00:06]} 43. Ke2 {[%emt 0:00:01]} Kh5 {[%emt 0:00:02]} 44. Bf7 {[%emt 0:00:03]} Rg1 {[%emt 0:00:02]} 45. a4 {[%emt 0:00:00]} Bc3 {[%emt 0:00:05]} 46. Rc6 {[%emt 0:00:02]} Bb4 {[%emt 0:00:01]} 47. a5 {[%emt 0:00:02]} Ra1 {[%emt 0:00:02]} 48. Rxg6 {[%emt 0:00:03]} Rxa5 {[%emt 0:00:02]} 49. Rg8+ {[%emt 0:00:04]} Kh4 {[%emt 0:00:01]} 50. Bc4 {[%emt 0:00:02]} Ra7 {[%emt 0:00:01]} 51. Kf3 {[%emt 0:00:01]} Ra1 {[%emt 0:00:02]} 52. Ke4 {[%emt 0:00:02]} Re1+ {[%emt 0:00:01]} 53. Kd5 {[%emt 0:00:01]} Re7 {[%emt 0:00:02]} 54. Kc6 {[%emt 0:00:01]} Ra7 {[%emt 0:00:02]} 55. Kb5 {[%emt 0:00:01]} Ra5+ {[%emt 0:00:01]} 56. Kb6 {[%emt 0:00:01]} Ra3 {[%emt 0:00:01]} 57. Kb5 {[%emt 0:00:03]} Ra5+ {[%emt 0:00:00]} 58. Kc6 {[%emt 0:00:01]} Ra7 {[%emt 0:00:02]} 59. Rb8 {[%emt 0:00:02]} Kg5 {[%emt 0:00:01]} 60. d4 {[%emt 0:00:02]} Ra5 {[%emt 0:00:04]} 61. d5 {[%emt 0:00:02]} Bc3 {[%emt 0:00:03]} 62. d6 {[%emt 0:00:03]} Bf6 {[%emt 0:00:01]} 63. Rg8+ {[%emt 0:00:02]} Kf5 64. d7 {[%emt 0:00:04]} Ra4 {[%emt 0:00:03]} 65. Rf8 {[%emt 0:00:02]} Ke5 {[%emt 0:00:05]} 66. Rxf6 {[%emt 0:00:02]} Ra8 {[%emt 0:00:05]} 67. Rd6 {[%emt 0:00:04]} Rd8 {[%emt 0:00:01]} 68. Rd5+ {[%emt 0:00:01]} Ke6 {[%emt 0:00:01]} 69. Kc7 {[%emt 0:00:02]} Ke7 {[%emt 0:00:01]} 70. Re5+ {[%emt 0:00:01]} 1-0

[Event "IMSA Blitz Women 2019"]
[Site "Hengshui"]
[Date "2019.05.17"]
[Round "3.1"]
[White "Gunina, Valentina"]
[Black "Zhao, Xue"]
[Result "0-1"]
[WhiteElo "2506"]
[BlackElo "2485"]
[Annotator "TA"]
[PlyCount "118"]
[EventDate "2019.05.17"]
[EventType "blitz"]
[EventCountry "CHN"]
[SourceTitle "playchess.com"]
[Source "ChessBase"]
[SourceQuality "1"]

{[%evp 9,118,44,73,64,114,116,112,124,111,100,100,85,152,97,123,123,101,95,85,72,96,56,126,102,108,95,251,247,253,227,240,193,207,95,72,0,0,-127,89,90,81,92,117,127,112,108,117,117,104,122,86,0,0,0,0,0,0,0,6,14,24,26,85,23,91,-178,-165,-248,-244,-242,-237,-293,-302,-838,-838,-843,-830,-811,-704,-957,-879,-879,-871,-859,-831,-950,-845,-835,-798,-868,-877,-900,-875,-1303,-1285,-1242,-1239,-1302,-1320,-1191,-1137,-1706,-1676,-758,-1467,-5193,-2599,-5891,-5410,-6307,-6077]} 1. e4 Nf6 2. e5 Nd5 3. d4 d6 4. Nf3 c6 5. c4 Nb6 (5... Nc7 6. h3 dxe5 7. Nxe5 g6 8. Nc3 Bg7 9. Nf3 O-O 10. Be3 b5 11. Qd2 Ba6 12. Bh6 bxc4 13. Bxg7 Kxg7 14. Ne5 {½-½ (41) Tari,A (2520)-Agdestein,S (2620) Oslo 2015}) 6. Nc3 {B04: Alekhine's Defence: 4 Nf3} Bg4 {Black wants to play ...dxe5.} 7. h3 Bh5 8. g4 {White is better.} Bg6 9. e6 fxe6 10. Ng5 Qd7 (10... e5 $142) 11. Bd3 $1 $16 {[%cal Rd3g6]} Bxd3 12. Qxd3 {And now Qf3 would win.} Na6 13. Nxh7 $146 ({Predecessor:} 13. Qf3) 13... O-O-O 14. Ng5 $36 {[%mdl 2048] Hoping for Nf7. Keeping Black busy.} ({Reject} 14. Nxf8 $6 Rdxf8 15. Be3 Rf3 $11) 14... e5 15. Nf7 Nb4 (15... exd4 $14 16. Nxh8 dxc3) 16. Qe2 exd4 17. Nxh8 d3 $2 (17... e5 $16) 18. Qf3 $18 {Strongly threatening 0-0.} Nc2+ 19. Kf1 {Threatens to win with Rb1.} Nxa1 20. Qxd3 Qe6 21. b3 (21. Kg2 $18) 21... d5 $16 22. c5 ({White should play} 22. cxd5 $16 Nxd5 23. Qe4) 22... Nd7 $11 23. Be3 (23. Na4 $11 {remains equal.}) 23... d4 $2 (23... Ne5 $17 24. Qf5 Qxf5 25. gxf5 Nc2) 24. Bxd4 $16 Nxc5 25. Qe3 $1 Nc2 26. Qxe6+ Nxe6 {[#]} 27. Be5 $1 Nc5 28. Ng6 Nd3 29. Bg3 e6 30. Kg2 (30. Bh4 $16 Re8 31. Ke2) 30... Bb4 31. Ne4 Nde1+ 32. Kf1 $1 Nf3 {aiming for ...Rd1+.} 33. h4 Rd1+ 34. Kg2 Nce1+ $1 35. Kh3 Ra1 (35... Rd4 $11 {keeps the balance.} 36. Ng5 Nxg5+ 37. hxg5 Bd2) 36. h5 (36. Bf4 $16) 36... Rxa2 {[#]} (36... Rd1 $11) 37. g5 $2 {[%mdl 8192]} (37. Bf4 $1 $16 {and life is bright.}) 37... Re2 $19 38. Nd6+ (38. Rxe1 $142 Rxe1 39. Kg2 Nh4+ 40. Bxh4 Rxe4 41. f4) 38... Bxd6 $1 39. Bxd6 {Kg4 is the strong threat.} Nxg5+ 40. Kg4 Ne4 41. Bf8 $2 (41. Bg3) 41... Nxf2+ {[%mdl 64] Double Attack. Black is clearly winning.} 42. Kg5 Nxh1 43. Bxg7 Nf3+ 44. Kf6 Ng3 45. h6 Nh5+ 46. Ke7 Ng5 47. Bd4 Nh7 48. Bxa7 Re1 49. Kd6 Ng3 50. Ke7 e5 51. Kd6 Nf5+ {[%mdl 64] Double Attack} 52. Ke6 Nxh6 53. Bb6 Ng5+ 54. Kf6 Nf3 55. Ke6 e4 56. Ne7+ Kb8 57. Kd7 Ne5+ 58. Ke6 Nd3 59. Ng6 e3 {Accuracy: White = 48%, Black = 39%.} 0-1